000 00370cam a22001217a 4500
008 180718b1988 xxu||||| |||| 00| 0 eng d
082 _aT3124 R514
100 _aRitter, Lawerence S.
245 _aFlow -of-funds accounts of the Indian economy 1976-77 to 1980-81
_cby Lawerence S. Ritter
260 _aBombay
_bReserve of India
_c1988
300 _a36p.
650 _aEconomy
999 _c496809
_d496809